Schweizer EM Kader 2024 - Statistiken

Allgemein
  • Dieses Quiz wurde 55 mal gespielt
  • Das Durchschnittsergebnis liegt bei 19 aus 26
Antwortstatistiken
Hint Antwort % Korrekt
Tor Borussia Dortmund Gregor Kobel
100%
Verteidigung Manchester City Manuel Akanji
100%
Tor Inter Mailand Yann Sommer
100%
Mittelfeld Bayer 04 Leverkusen Granit Xhaka
98%
Verteidigung Newcastle United Fabian Schär
93%
Mittelfeld Chicago Fire Xherdan Shaqiri
90%
Angriff AS Monaco Breel Embolo
88%
Mittelfeld AS Monaco Denis Zakaria
86%
Verteidigung Borussia Mönchengladbach Nico Elvedi
86%
Verteidigung Fc Turin Ricardo Rodriguez
83%
Angriff Fc Augsburg Ruben Vargas
81%
Angriff Fc Bologna Dan Ndoye
74%
Angriff AC Mailand Noah Okafor
74%
Verteidigung Mainz 05 SIlvan Widmer
74%
Tor Lorient Yvon Mvogo
74%
Mittelfeld Fc Bologna Remo Freuler
71%
Mittelfeld Fc Bologna Michel Aebischer
69%
Mittelfeld Stade Rennes Fabian Rieder
67%
Angriff Fc Lugano Renato Steffen
57%
Mittelfeld FC Luzern Ardon Jashari
50%
Angriff AEK Athen Steven Zuber
50%
Angriff Fc Burnley Zeki Amdouni
48%
Mittelfeld FC Toulouse VIncent Sierro
45%
Verteidigung Vfb Stuttgart Leonidas Stergiou
43%
Verteidigung VFL Wolfsburg Cedric Zesiger
40%
Angriff Ludogorets Kwadwo Duah
38%
Keine übereinstimmenden Quizze gefunden
Verteilung der Resultate
Anzahl Personen mit jedem Resultat
Perzentil nach korrekt beantworteten Fragen
Ihre Resultats-Entwicklung
Sie haben dieses Quiz noch nicht gespielt